[Event "GRE-chT"]
[Site "Athens"]
[Date "1996.??.??"]
[Round "9"]
[White "Ignatiadis, Konstantinos"]
[Black "Metaxas, Petros"]
[Result "1-0"]
[WhiteElo "2140"]
[BlackElo "2205"]

1.e4 c5 2.Nf3 d6 3.Bb5+ Nd7 4.O-O Nf6 5.Re1 a6 6.Bxd7+ Nxd7 7.c3 e6 8.d4 Be7
9.Nbd2 O-O 10.Nb3 Qc7 11.Be3 b6 12.Bg5 f6 13.Bf4 Bb7 14.Nfd2 Rae8 15.Bg3 Rf7
16.dxc5 bxc5 17.Nc4 Ne5 18.Nxe5 dxe5 19.Nd2 c4 20.Qe2 Rc8 21.f3 a5 22.Bf2 a4
23.Nf1 Bd6 24.Red1 f5 25.Ng3 f4 26.Nf1 h5 27.h3 g5 28.Nh2 Rd7 29.Rd2 Rcd8
30.Rad1 Kf7 31.Kh1 Ke8 32.h4 Be7 33.Rxd7 Rxd7 34.hxg5 Bxg5 35.Rxd7 Kxd7 36.Qd1+ Qd6
37.Qxa4+ Bc6 38.Qa7+ Kc8 39.Qa6+ Kd7 40.Kg1 Qd3 41.Qa7+ Kc8 42.Qc5 Kd7 43.Nf1 Bf6
44.Qa7+ Ke8 45.Qb8+ Qd8 46.Qxd8+ Bxd8 47.Nd2 Bb5 48.Bc5 Kd7 49.b3 Kc6 50.b4 Bc7
51.Kf2 Bd8 52.Nb1 Bc7 53.Na3 Ba6 54.Kg1 Bd8 55.Bf2 Be7 56.Kh2 Bd8 57.Kh3 Bb5
58.Bh4 Bb6 59.Bf6 Bf2 60.Bxe5 Bg3 61.Nc2 Kb6 62.Nd4 Bd7 63.Ne2 Be1 64.Kh2 Kb5
65.Nxf4 h4 66.Ne2 Ka4 67.g4 hxg3+ 68.Bxg3 Bd2 69.Be5 Ka3 70.Kg3 Kxa2 71.Nf4 Kb3
72.Ne2 Kc2 73.b5 Kd3 74.b6 Bc8 75.Nf4+ Kc2 76.Nxe6 Bxc3 77.Bxc3 Kxc3 78.f4 Kb4
79.f5 c3 80.Nf4 c2 81.Ne2 Kc5 82.f6 Kd6 83.e5+ Kd7 84.Kf4 Ba6 85.Nc1 Ke6
86.Ke4 Bb7+ 87.Kd4 Bc6 88.Kc3 Be4 89.Kd2 Bd5 90.Nd3 Kd7 91.Nf4  1-0

[Event "AUT-chT2O 9697"]
[Site "Austria"]
[Date "1996.??.??"]
[Round "1"]
[White "Kuba, Guenter"]
[Black "Wukits, Rene"]
[Result "0-1"]
[WhiteElo "2160"]
[BlackElo "2280"]

1.e4 c5 2.Nf3 d6 3.Bb5+ Bd7 4.Bxd7+ Qxd7 5.O-O g6 6.c3 Bg7 7.d4 Nf6 8.Re1 Nc6
9.Bg5 h6 10.Bxf6 Bxf6 11.dxc5 dxc5 12.Qxd7+ Kxd7 13.e5 Bg7 14.e6+ fxe6 15.Na3 Rhd8
16.Re2 g5 17.h3 Bf6 18.Rae1 h5 19.Nc4 b5 20.Nce5+ Nxe5 21.Nxe5+ Ke8 22.Nf3 Rd6
23.Rxe6 Rad8 24.g4 hxg4 25.hxg4 a5 26.Kg2 a4 27.R1e3 Rxe6 28.Rxe6 Rd6 29.Rxd6 exd6
30.Nd2 d5 31.Kf3 a3 32.bxa3 Bxc3 33.Nb1 Be5 34.a4 bxa4 35.Ke2 Ke7 36.f3 c4
37.Na3 Kd6 38.Kd2 Kc5 39.Nc2 d4 40.Ne1 Bf4+ 41.Kc2 d3+ 42.Kd1 Kd4  0-1

[Event "AUT-chT2W 9697"]
[Site "Austria"]
[Date "1996.??.??"]
[Round "5"]
[White "Biro, Sandor"]
[Black "Reich, Thomas"]
[Result "1/2-1/2"]
[WhiteElo "2340"]
[BlackElo "2400"]

1.e4 c5 2.Nf3 d6 3.Bb5+ Nd7 4.c3 Nf6 5.Qe2 e6 6.O-O Be7 7.d4 cxd4 8.cxd4 d5
9.e5 Ne4 10.Nbd2 Nxd2 11.Bxd2 O-O 12.Rac1 Nb6 13.Bd3 Bd7 14.b3 Rc8 15.Rxc8 Nxc8
16.Rc1 a6 17.Qe1 Na7 18.Ba5 b6 19.Bb4 Bb5 20.Bxb5 axb5 21.g3 h6 22.Rc2 Re8
23.Bxe7 Rxe7 24.Qc1 Rd7 25.Ne1 Qg5 26.Qxg5 hxg5 27.Nd3 g4 28.Kg2 f5 29.f3 gxf3+
30.Kxf3 g5 31.b4 g4+ 32.Ke3 Kf7 33.Nf4 Ke7 34.Kd3 Rb7 35.a3 Kd7 36.Ng6 Rb8  1/2-1/2

[Event "AUT-chT2S 9697"]
[Site "Austria"]
[Date "1996.??.??"]
[Round "7"]
[White "Mencinger, Vojko"]
[Black "Wittmann, Walter"]
[Result "0-1"]
[WhiteElo "2390"]
[BlackElo "2370"]

1.e4 c5 2.Nf3 d6 3.Bb5+ Nd7 4.d4 Nf6 5.Nc3 a6 6.Bxd7+ Nxd7 7.a4 e6 8.Bg5 Qc7
9.O-O cxd4 10.Qxd4 Ne5 11.Nxe5 dxe5 12.Qd3 Bd7 13.Rfd1 Bc5 14.Rd2 Bc6 15.Rad1 O-O
16.Bd8 Raxd8 17.Qxd8 Rxd8 18.Rxd8+ Bf8 19.h4 f6 20.b4 b5 21.axb5 axb5  0-1

[Event "AUT-chT9596"]
[Site "?"]
[Date "1996.??.??"]
[Round "?"]
[White "Weinzettl, Ernst"]
[Black "Hoelzl, Franz"]
[Result "0-1"]
[WhiteElo "2395"]
[BlackElo "2430"]

1.e4 c5 2.Nf3 d6 3.Bb5+ Nc6 4.O-O Bd7 5.Re1 a6 6.Bxc6 Bxc6 7.d4 cxd4 8.Nxd4 Nf6
9.Bg5 Qa5 10.Bd2 Qc7 11.Nc3 e6 12.a4 Be7 13.Nxc6 Qxc6 14.a5 O-O 15.Bg5 h6
16.Bh4 Rfd8 17.Qe2 Rac8 18.Kh1 Qc4 19.Qf3 Qb4 20.Reb1 d5 21.Bxf6 Bxf6 22.exd5 Bxc3
23.bxc3 Qxc3 24.Qxc3 Rxc3 25.dxe6 fxe6 26.Rxb7 Rxc2 27.Kg1 Ra2 28.Re1 Rdd2
29.h4 Rxf2 30.Rxe6 Rxg2+ 31.Kh1 Rg4 32.Rxa6 Rxh4+ 33.Kg1 Rc4 34.Rb1 Kh7 35.Ra7 h5
36.a6  0-1

[Event "AUT-chT9596"]
[Site "?"]
[Date "1996.??.??"]
[Round "?"]
[White "Baumegger, Siegfried"]
[Black "Ebner, Hubert"]
[Result "1/2-1/2"]
[WhiteElo "2265"]
[BlackElo "2240"]

1.e4 c5 2.Nf3 d6 3.Bb5+ Bd7 4.Bxd7+ Nxd7 5.O-O Ngf6 6.Re1 e6 7.d3 Be7 8.Nbd2 O-O
9.c3 Ne5 10.Qe2 Qc7 11.a4 Rfd8 12.Nc4 b6 13.Bf4 Ng6 14.Bg3  1/2-1/2

[Event "AUT-chT9596"]
[Site "?"]
[Date "1996.??.??"]
[Round "?"]
[White "Dueckstein, Andreas"]
[Black "Postl, Anton"]
[Result "1/2-1/2"]
[WhiteElo "2340"]
[BlackElo "2305"]

1.e4 c5 2.Nf3 d6 3.Bb5+ Bd7 4.Bxd7+ Qxd7 5.O-O Nc6 6.c3 Nf6 7.Re1 e6 8.d4 cxd4
9.cxd4 d5 10.e5 Ne4 11.Nc3 Nxc3 12.bxc3 Be7 13.Re3 Na5 14.Ne1 O-O-O 15.Rg3 Rdg8
16.Qh5 Bd8 17.Rf3 Rf8 18.Nd3 Nc4 19.Rg3 g6 20.Qh6 b6 21.Rf3 a5 22.Nb2 Nxb2
23.Bxb2 f5 24.exf6 Rxf6 25.Rxf6 Bxf6 26.Re1 Re8 27.Qf4 Bd8 28.Bc1 Bc7 29.Qf3 e5
30.dxe5 Rxe5 31.Rxe5 Bxe5 32.g3 Qc6 33.Bd2 h5 34.h4 Kb7 35.Qd3 a4 36.Qe3 Bc7
37.Qd3 Qe6 38.Be3 Qe4 39.Qb5 Qc4 40.Qb2 Qd3 41.Bd4 Qe4 42.Qb5 Qe1+ 43.Kg2 Qe4+
44.Kg1 g5 45.hxg5 h4 46.gxh4 Qg4+ 47.Kf1  1/2-1/2

[Event "AUT-chT9596"]
[Site "?"]
[Date "1996.??.??"]
[Round "?"]
[White "Lendwai, Reinhard"]
[Black "Felsberger, Alfred"]
[Result "0-1"]
[WhiteElo "2375"]
[BlackElo "2390"]

1.e4 c5 2.Nf3 d6 3.Bb5+ Bd7 4.Bxd7+ Qxd7 5.O-O Nc6 6.c4 e5 7.Nc3 g6 8.d3 Bg7
9.Ne1 Nge7 10.Nc2 O-O 11.Rb1 f5 12.f3 Kh8 13.Bd2 b6 14.a3 Rf7 15.b4 Rg8 16.bxc5 bxc5
17.Nd5 Rff8 18.Nce3 f4 19.Ng4 Nxd5 20.exd5 Nd4 21.Bc3 Nf5 22.Qb3 h5 23.Nf2 Rb8
24.Qxb8 Rxb8 25.Rxb8+ Kh7 26.Rfb1 Qa4 27.R1b3 Bf8 28.Nd1 Bg7 29.Nb2 Qa6 30.a4 e4
31.Bxg7 Kxg7 32.R3b7+ Kh6 33.h4 Nxh4 34.Rb5 exf3 35.gxf3 Nxf3+ 36.Kf2 Nd4
37.a5 Nxb5 38.Rxb5 Qc8  0-1

[Event "AUT-ch"]
[Site "AUT"]
[Date "1996.??.??"]
[Round "2"]
[White "Lendwai, Reinhard"]
[Black "Kwatschewsky, Leo"]
[Result "1/2-1/2"]
[WhiteElo "2370"]
[BlackElo "2250"]

1.e4 c5 2.Nf3 d6 3.Bb5+ Bd7 4.Bxd7+ Nxd7 5.O-O Ngf6 6.Re1 e6 7.c4 Be7 8.Nc3 O-O
9.d4 cxd4 10.Qxd4 a6 11.b3 Rc8 12.Bb2 Qa5 13.Qd2 Rfd8 14.Nd5 Qxd2 15.Nxe7+ Kf8
16.Nxd2 Kxe7  1/2-1/2

[Event "AUT-ch"]
[Site "AUT"]
[Date "1996.??.??"]
[Round "3"]
[White "Petschar, Kurt"]
[Black "Wohlmann, Erich"]
[Result "1-0"]
[WhiteElo "2270"]
[BlackElo "2210"]

1.e4 c5 2.Nf3 d6 3.Bb5+ Bd7 4.Bxd7+ Qxd7 5.c4 Nc6 6.d4 cxd4 7.Nxd4 Nf6 8.Nc3 g6
9.h3 Bg7 10.Be3 O-O 11.O-O Rfc8 12.b3 a6 13.a4 Qd8 14.Qd2 Nd7 15.Rab1 Nc5
16.Nxc6 bxc6 17.Bd4 Bxd4 18.Qxd4 a5 19.b4 axb4 20.Rxb4 Rcb8 21.Rxb8 Rxb8
22.e5 Rb4 23.Rd1 Nxa4 24.exd6 Nxc3 25.Qxc3 c5 26.d7 Rb7 27.Qd2 Rb6 28.Qa5  1-0

[Event "AUT-chT2O 9596"]
[Site "AUT"]
[Date "1996.??.??"]
[Round "8"]
[White "Hofbauer, Martin"]
[Black "Froeschl, Felix"]
[Result "0-1"]
[WhiteElo "2275"]
[BlackElo "2200"]

1.e4 c5 2.Nf3 d6 3.Bb5+ Bd7 4.Bxd7+ Qxd7 5.c4 Nc6 6.d4 cxd4 7.Nxd4 Nf6 8.Nc3 g6
9.f3 Bg7 10.Be3 O-O 11.Rc1 Nh5 12.O-O Ne5 13.b3 f5 14.exf5 gxf5 15.Ndb5 a6
16.Nd4 f4 17.Bf2 Rf6 18.Nd5 Rg6 19.Nf5 Re8 20.Nh4 Rg5 21.Nb6 Qh3 22.Be1 Qe6
23.Nd5 Qd7 24.Kh1 Kh8 25.Bc3 e6 26.Nb6 Qd8 27.c5 d5 28.Re1 Nc6 29.Bd2 Re5
30.Rxe5 Bxe5 31.Be1 Ng3+ 32.hxg3 fxg3 33.Nf5 exf5 34.Qxd5 Qh4+  0-1

[Event "AUT-chT2O 9596"]
[Site "AUT"]
[Date "1996.??.??"]
[Round "9"]
[White "Hangweyrer, Manfred"]
[Black "Thallinger, Harald"]
[Result "1/2-1/2"]
[WhiteElo "2260"]
[BlackElo "2360"]

1.e4 c5 2.Nf3 d6 3.Bb5+ Bd7 4.Bxd7+ Qxd7 5.O-O Nc6 6.c3 Nf6 7.d4 Nxe4 8.d5 Nd8
9.Re1 Nf6 10.Bg5 Ng8 11.Nbd2 h6 12.Bf4 g5 13.Bg3 f5 14.Bxd6 Qxd6 15.Nc4 Qa6
16.Nfe5 Nf6 17.d6 exd6 18.Ng6+ Kf7 19.Nxh8+ Kg7 20.Ne3 Kxh8 21.Nd5 Nxd5 22.Qxd5 Nc6
23.h4  1/2-1/2

[Event "Bagneux"]
[Site "Bagneux"]
[Date "1996.??.??"]
[Round "2"]
[White "Pedzich, Dominik"]
[Black "Bartha, Sandor"]
[Result "1/2-1/2"]
[WhiteElo "2425"]
[BlackElo "2240"]

1.e4 c5 2.Nf3 d6 3.Bb5+ Bd7 4.Bxd7+ Qxd7 5.O-O Nc6 6.c3 d5 7.e5 d4 8.d3 dxc3
9.Nxc3 O-O-O 10.Be3 b6 11.Rc1 e6 12.d4 cxd4 13.Nxd4 Nxd4 14.Bxd4 Kb8 15.Qe2 Ne7
16.Rfd1 Nd5 17.Nxd5 exd5 18.Qf3 Qe6 19.a4 Bb4 20.Qb3 a5  1/2-1/2

[Event "Barbera op"]
[Site "Barbera"]
[Date "1996.??.??"]
[Round "2"]
[White "Dvorietzky, Mark I"]
[Black "Vidarte Morales, Arturo"]
[Result "0-1"]
[WhiteElo "2475"]
[BlackElo "2340"]

1.e4 c5 2.Nf3 d6 3.Bb5+ Bd7 4.Bxd7+ Qxd7 5.O-O Nc6 6.c3 Nf6 7.d4 Nxe4 8.d5 Nd8
9.Re1 f5 10.Nbd2 Nxd2 11.Bxd2 Nf7 12.b4 g6 13.Rb1 Bg7 14.Ng5 O-O 15.Ne6 b6
16.bxc5 dxc5 17.Nxf8 Kxf8 18.c4 Re8 19.Qe2 Nd6 20.Bf4 Ne4 21.Qc2 Bd4 22.Be3 e5
23.Kf1 Kf7 24.Rbd1 b5 25.f3 Nd6 26.cxb5 Qxb5+ 27.Kf2 Nc4 28.Bxd4 cxd4 29.Rc1 Rc8
30.d6 Ke6 31.Qb3 Qd5 32.d7 Kxd7 33.Qa4+ Ke6 34.Qxa7 Qc5 35.Qxh7 d3+ 36.Kg3 d2
37.Qxg6+ Kd5 38.Qf7+ Kd4 39.Rcd1 Kc3 40.Re2 f4+ 41.Kh4 Rh8+ 42.Kg4 Qc8+ 43.Kg5 Qd8+
44.Kg6 Qd6+  0-1

[Event "Barbera op"]
[Site "Barbera"]
[Date "1996.??.??"]
[Round "6"]
[White "Dvorietzky, Mark I"]
[Black "Vera, Reynaldo"]
[Result "1/2-1/2"]
[WhiteElo "2475"]
[BlackElo "2505"]

1.e4 c5 2.Nf3 d6 3.Bb5+ Bd7 4.Bxd7+ Qxd7 5.O-O Nc6 6.c3 Nf6 7.d4 cxd4 8.cxd4 d5
9.e5 Ng8 10.a3 e6 11.b4 Nge7 12.Nbd2 Nc8 13.Nb3 Nb6 14.b5 Nd8 15.a4 Nc4 16.Bg5 h6
17.Bxd8 Rxd8 18.Qd3 Bb4 19.Rfc1 O-O  1/2-1/2

[Event "Bardejov"]
[Site "Bardejov"]
[Date "1996.??.??"]
[Round "?"]
[White "Mrva, Vladimir"]
[Black "Bekiarisova, Alena"]
[Result "1-0"]
[WhiteElo "2305"]
[BlackElo "2110"]

1.e4 c5 2.Nf3 d6 3.Bb5+ Bd7 4.Bxd7+ Qxd7 5.c4 Nc6 6.d4 cxd4 7.Nxd4 Nf6 8.Nc3 g6
9.f3 Bg7 10.Be3 O-O 11.O-O a6 12.Na4 Qd8 13.Nxc6 bxc6 14.Bb6 Qb8 15.Qd2 Nd7
16.Bd4 Bxd4+ 17.Qxd4 Qa7 18.Rfd1 Rfb8 19.b3 a5 20.Rac1 Rb4 21.Kf1 Qxd4 22.Rxd4 Ra7
23.Rd3 Rab7 24.Ke2 Nc5 25.Nxc5 dxc5 26.Kd2 Kg7 27.Kc2 a4 28.Rcd1 axb3+ 29.axb3 Ra7
30.Kb2 Rab7 31.Rc3 R4b6 32.Rcd3 Rb4 33.Rc1 Kf6 34.f4 Ra4 35.g3 Rab4 36.Rcc3 Ra7
37.Rd1 Ke6 38.Rcd3 Rab7 39.Rc3 Ra7 40.Rd8 Rb6 41.Rc2 Rba6 42.Kc3 Ra1 43.Rc8 Kd7
44.Rh8 h5 45.Rd2+ Ke6 46.Rc8 R1a6 47.h3 Rb7 48.Rd3 Rab6 49.Kb2 Rb8 50.Rc7 R8b7
51.Rxb7 Rxb7 52.Rd8 f6 53.Kc3 Ra7 54.Kb2 Rc7 55.Rg8 Kf7 56.Ra8 Ke6 57.Ra5 Kd6
58.Ra8 Ke6 59.Kc3 Rb7 60.Ra5 Kd6 61.e5+ fxe5 62.fxe5+ Kxe5 63.Rxc5+ Kd6 64.Rg5 c5
65.Rxg6+ e6 66.Rf6 Rg7 67.Rf3 Rb7 68.Rd3+ Ke5 69.Re3+ Kd6 70.Kd2 Rg7 71.Kd3 Rg5
72.Kc3 Rg8 73.b4 cxb4+ 74.Kxb4 Rb8+ 75.Kc3 Rb1 76.Kd4 Rd1+ 77.Ke4 Kc5 78.Kf4 Rf1+
79.Kg5 Rf5+ 80.Kg6 Kxc4 81.g4 hxg4 82.hxg4 Rf8 83.Rxe6 Kd5 84.Re7 Kd6 85.Rf7 Ra8
86.g5 Ke6 87.Rf6+ Ke7 88.Kg7 Ra1 89.Rf2 Re1 90.g6 Re3 91.Kg8 Re1 92.g7 Re3
93.Rh2 Rg3 94.Kh8 Kf7 95.Rf2+ Ke7 96.g8=Q Rh3+ 97.Qh7+ Rxh7+ 98.Kxh7 Kd6
99.Kg7  1-0

[Event "Bardejov"]
[Site "Bardejov"]
[Date "1996.??.??"]
[Round "?"]
[White "Bekiarisova, Alena"]
[Black "Leskur, Dejan"]
[Result "1/2-1/2"]
[WhiteElo "2110"]
[BlackElo "2340"]

1.e4 c5 2.Nf3 d6 3.Bb5+ Nd7 4.O-O Nf6 5.Re1 a6 6.Bf1 b6 7.c3 Bb7 8.d3 g6
9.Nbd2 Bg7 10.d4 cxd4 11.cxd4 O-O 12.Bd3 e5 13.dxe5 dxe5 14.Nb3 Qe7 15.Bg5 h6
16.Bd2 Rfd8 17.Qe2 Nf8 18.Rad1 N6d7 19.a3 Ne6 20.Bb4 Qf6 21.Bc4 a5 22.Bc3 Nf4
23.Qf1 Qe7 24.g3 Ne6 25.Bd5 Ba6 26.Qh3 Rac8 27.Bd2 Ng5 28.Nxg5 hxg5 29.Be3 Rc2
30.Rd2 Rxd2 31.Nxd2 g4 32.Qxg4 Nf6 33.Bg5 Nxg4 34.Bxe7 Rc8 35.Bb3 Bf8 36.Bxf8 Kxf8
37.Nf3 Rc5 38.h3 Nf6 39.Ng5 Bc4 40.Bxc4 Rxc4 41.Re2 Ke7 42.Kg2 Nd7 43.Nf3 Ke6
44.Ne1 Nc5 45.f3 Rc1 46.Kf2 Rb1 47.Ke3 Rd1 48.b4 axb4 49.axb4 Na6 50.Nd3 Rb1
51.Rb2 Rxb2 52.Nxb2 Nxb4 53.Nc4 Nc2+ 54.Kd2 Nd4 55.Ke3 Nc2+ 56.Kd2 Nd4 57.Ke3 Nc2+
58.Kd2 Nd4  1/2-1/2

[Event "Bardejov"]
[Site "Bardejov"]
[Date "1996.??.??"]
[Round "?"]
[White "Mrva, Vladimir"]
[Black "Leskur, Dejan"]
[Result "0-1"]
[WhiteElo "2305"]
[BlackElo "2340"]

1.e4 c5 2.Nf3 d6 3.Bb5+ Nd7 4.O-O Nf6 5.Re1 a6 6.Bf1 e6 7.d4 cxd4 8.Nxd4 Qc7
9.c4 Be7 10.Nc3 O-O 11.f3 b6 12.Be3 Bb7 13.Qd2 Rac8 14.Rac1 Rfe8 15.Red1 Qb8
16.Qf2 Bd8 17.b3 Bc7 18.Qh4 d5 19.exd5 exd5 20.Nf5 Re5 21.Bd3 Rxe3 22.Nxe3 Bf4
23.Ncxd5 Bxd5 24.Nxd5 Bxc1 25.Nxf6+ Nxf6 26.Rxc1 Qd6 27.Rd1 Qb4 28.Qd4 Re8
29.Kf2 a5 30.g3 Re6 31.Bf5 Re8 32.Qd6 Qc3 33.Qd2 Qe5 34.Bb1 g6 35.Re1 Qc5+
36.Kg2 Rxe1 37.Qxe1 Kg7 38.Qc3 h5 39.Be4 Qd6 40.Kf2 Qc5+ 41.Kg2 Qd6 42.Bd3 h4
43.Be4 hxg3 44.hxg3 Kg8 45.Bc2 Nh5 46.f4 Nf6 47.a3 Ng4 48.b4 Qc6+ 49.Kg1 axb4
50.axb4 Qe6 51.Bd1 Ne3 52.Be2 Nf5 53.Kf2 Nd6 54.Qe5 Qd7 55.Qd5 Qe7 56.Bf3 Nf5
57.c5 Qe3+ 58.Kg2 Qe1 59.Qd3 Qxg3+ 60.Kf1 bxc5 61.bxc5 Qxf4 62.c6 Qc1+ 63.Ke2 Qc5
64.Kd2 Nd4 65.Qc3 Qd6 66.Ke3 Ne6 67.Qd3 Qc5+ 68.Kd2 Qf2+ 69.Kc3 Qc5+ 70.Kd2 Kf8
71.Qc3 Qxc3+ 72.Kxc3 Ke7 73.Kc4 Kd6 74.Kd3 Nd8 75.Ke4 Nxc6 76.Kf4  0-1

[Event "Regionalliga SO9697"]
[Site "Bayern"]
[Date "1996.??.??"]
[Round "?"]
[White "Schweiger, Georg"]
[Black "Pflug, Matthias"]
[Result "1/2-1/2"]
[WhiteElo "2065"]
[BlackElo "1995"]

1.e4 c5 2.Nf3 d6 3.Bb5+ Bd7 4.Bxd7+ Qxd7 5.O-O Nc6 6.b3 Nf6 7.Qe2 g6 8.Bb2 Bg7
9.c3 O-O 10.d4 Qc7 11.d5 Ne5 12.Ne1 e6 13.f4 Ned7 14.dxe6 fxe6 15.c4 Rae8
16.Nd2 Nh5 17.Bxg7 Nxg7 18.g4 d5 19.Nd3 b6 20.Rae1 dxc4 21.bxc4 e5 22.f5 a6
23.Nf3 b5 24.Nf2 Qc6 25.Qd3 Nb6 26.cxb5 axb5 27.Rd1 gxf5 28.gxf5 Nxf5 29.exf5 e4
30.Ne5 exd3 31.Nxc6 c4 32.Nd4 b4 33.Nxd3 cxd3 34.Rxd3 Ra8 35.Ne6 Rf6 36.Rf2 Kh8
37.Rg3 Nd5 38.Rb3 Rg8+ 39.Kf1 Ne7 40.Rbf3 Nxf5  1/2-1/2

[Event "Regionalliga NW9596"]
[Site "Bayern"]
[Date "1996.??.??"]
[Round "?"]
[White "Seyb, Helmuth"]
[Black "Birken, Michael"]
[Result "1/2-1/2"]
[WhiteElo "1880"]
[BlackElo "2030"]

1.e4 c5 2.Nf3 d6 3.Bb5+ Bd7 4.Bxd7+ Nxd7 5.O-O Ngf6 6.Re1 g6 7.c3 Bg7 8.d4 e5
9.Na3 O-O 10.Bg5 a6 11.Qd2 Qc7 12.Bh6 b5 13.Bxg7 Kxg7 14.Rad1 Rfd8 15.b3 Rac8
16.d5 Qa5 17.Qb2  1/2-1/2

[Event "Regionalliga NW9596"]
[Site "Bayern"]
[Date "1996.??.??"]
[Round "?"]
[White "Reis, Thomas"]
[Black "Hohm, Klemens"]
[Result "1-0"]
[WhiteElo "2080"]
[BlackElo "2125"]

1.e4 c5 2.Nf3 d6 3.Bb5+ Bd7 4.Bxd7+ Qxd7 5.c4 Nc6 6.d4 Qg4 7.O-O cxd4 8.Nxd4 Qxe4
9.Nb5 O-O-O 10.Be3 a6 11.Na7+ Kb8 12.Nd2 Qe6 13.Nxc6+ bxc6 14.Qa4 Qc8 15.b4 Nf6
16.Bb6 Rd7 17.Nb3 Rb7 18.Qxa6 Nd7 19.Be3 Rc7 20.Qa4 Qb7 21.Na5 Qa8 22.b5 Ne5
23.b6 Rd7 24.f4 Nxc4 25.Nxc6+ Kb7 26.Qxc4 d5  1-0

[Event "Oberliga Bayern9596"]
[Site "Bayern"]
[Date "1996.??.??"]
[Round "?"]
[White "Pfretzschner, Roland"]
[Black "Dengler, Peter"]
[Result "1-0"]
[WhiteElo "2250"]
[BlackElo "2315"]

1.e4 c5 2.Nf3 d6 3.Bb5+ Bd7 4.Bxd7+ Qxd7 5.O-O Nc6 6.c3 Nf6 7.d4 cxd4 8.cxd4 g6
9.Nc3 d5 10.e5 Ne4 11.Re1 Nxc3 12.bxc3 e6 13.h4 h6 14.h5 O-O-O 15.Nh2 Be7
16.Re3 gxh5 17.Qxh5 f5 18.exf6 Bxf6 19.Qg6 Rdf8 20.Ba3 Rhg8 21.Qh5 Be7 22.Bxe7 Nxe7
23.Nf3 Nf5 24.Re2 Rf6 25.Ne5 Qg7 26.Qh3 Nh4 27.f3 Qg5 28.Rb1 Rgf8 29.Kh1 Nf5
30.Reb2 b6 31.a4 Kc7 32.Ng4 Rg6 33.Qh2+ Nd6 34.a5 Rb8 35.Ne5 Rf6 36.c4 Rf4
37.g3 Rxd4 38.f4 Qg7 39.c5 Nc4 40.cxb6+ axb6 41.axb6+ Kd6 42.Qf2 Re4 43.Rb5 Ne3
44.Qb2 Rxe5 45.Qa3+ Kc6 46.Rc5+  1-0

[Event "Oberliga Bayern9596"]
[Site "Bayern"]
[Date "1996.??.??"]
[Round "?"]
[White "Pfretzschner, Roland"]
[Black "Haag, Wolfgang"]
[Result "1/2-1/2"]
[WhiteElo "2250"]
[BlackElo "2315"]

1.e4 c5 2.Nf3 d6 3.Bb5+ Bd7 4.Bxd7+ Nxd7 5.d4 cxd4 6.Qxd4 Qb6 7.Qd1 Ngf6
8.Nc3 e6 9.O-O Be7 10.Be3 Qxb2 11.Bd4 Qb4 12.Rb1 Qc4 13.Nb5 e5 14.Nd2 Qc6
15.Nxa7 Qa4 16.Nb5 O-O 17.Be3 Rfc8 18.Rb2 d5 19.exd5 Nxd5 20.Nf3 Nxe3 21.fxe3 Rd8
22.Qe2 Bc5 23.Ng5 Nf6 24.Nc3 Qh4 25.Nf3 Qh5 26.Kh1 b6 27.e4 Rd7 28.Nd5 Nxd5
29.exd5 Rxd5 30.c4 Rd7 31.Qxe5 Qxe5 32.Nxe5 Rda7 33.h3 Rxa2 34.Rxa2 Rxa2
35.Nxf7 Rc2 36.Ne5 g6 37.Rb1 Kg7 38.Nd7 Rxc4 39.Nxb6 Rd4 40.Rb5 Rd1+ 41.Kh2 Bd6+
42.g3 Rd2+ 43.Kh1 Bxg3 44.Rb3 Bf4 45.Rf3 g5 46.Nc4 Ra2 47.Kg1 Kg6 48.Rf2 Ra4
49.Rc2 Kf5 50.Kg2 Ke4 51.Re2+ Kd3 52.Nb2+ Kxe2 53.Nxa4 Bd2  1/2-1/2

[Event "Oberliga Bayern9596"]
[Site "Bayern"]
[Date "1996.??.??"]
[Round "?"]
[White "Pfretzschner, Roland"]
[Black "Taggatz, Mario"]
[Result "1-0"]
[WhiteElo "2250"]
[BlackElo "2225"]

1.e4 c5 2.Nf3 d6 3.Bb5+ Bd7 4.Bxd7+ Qxd7 5.O-O Nf6 6.e5 dxe5 7.Nxe5 Qc8 8.a4 Nc6
9.Nc4 e6 10.Re1 Be7 11.Ra3 O-O 12.Rh3 Rd8 13.d3 Qc7 14.Nc3 Nd4 15.Nb5 Nxb5
16.axb5 Rd4 17.b3 Rad8 18.Bb2 R4d5 19.Be5 Qd7 20.b6 Qc6 21.Ree3 axb6 22.Reg3 b5
23.Qa1 Kf8 24.Ne3 Rxe5 25.Qxe5 Bd6 26.Qg5 Bxg3 27.Rxg3 Ra8 28.Qxg7+ Ke7 29.Rf3 Ra1+
30.Nf1 e5 31.Qg5 Qe6 32.g3 Ra6 33.Re3 Kf8 34.Rxe5 Qh3 35.Re1 Qh5 36.Qxh5 Nxh5
37.Re5 Ng7 38.Rxc5 b4 39.Rb5 Rc6 40.Ne3 Ne6 41.Rxb7 Nd4 42.Rxb4 Nxc2 43.Rc4  1-0

[Event "Lee Cup"]
[Site "Beijing"]
[Date "1996.??.??"]
[Round "1"]
[White "Durao, Miguel"]
[Black "Szekely, Peter"]
[Result "0-1"]
[WhiteElo "2175"]
[BlackElo "2455"]

1.e4 c5 2.Nf3 d6 3.Bb5+ Bd7 4.Bxd7+ Qxd7 5.O-O Nc6 6.Nc3 Nf6 7.d3 g6 8.Bf4 Bg7
9.Qd2 O-O 10.h3 d5 11.exd5 Nxd5 12.Nxd5 Qxd5 13.Bh6 Bxh6 14.Qxh6 f6 15.Rfe1 e5
16.h4 Rf7 17.a3 Rc8 18.Qe3 Nd4 19.Nxd4 cxd4 20.Qd2 Rfc7 21.Rec1 b6 22.a4 Qa5
23.Qd1 Qb4 24.b3 Rc3 25.h5 Qd6 26.a5 b5 27.hxg6 hxg6 28.Qe2 a6 29.Qe4 Kg7
30.Qe2 R8c6 31.f3 Qc7  0-1

[Event "Lee Cup"]
[Site "Beijing"]
[Date "1996.??.??"]
[Round "3"]
[White "Zhang Zhong"]
[Black "Wang Lei"]
[Result "1-0"]
[WhiteElo "2425"]
[BlackElo "2340"]

1.e4 c5 2.Nf3 d6 3.Bb5+ Nc6 4.O-O Bd7 5.c3 Nf6 6.Re1 a6 7.Ba4 b5 8.Bc2 Bg4
9.h3 Bh5 10.d3 e6 11.Nbd2 Be7 12.Nf1 Ne5 13.g4 Nxf3+ 14.Qxf3 Bg6 15.Qg2 e5
16.Ng3 h5 17.g5 Nh7 18.h4 f6 19.Nf5 fxg5 20.Bb3 Bxf5 21.exf5 g4 22.a4 Bxh4
23.axb5 Ng5 24.Qc6+ Kf8 25.Bxg5 Bxg5 26.Qb7 Be7 27.Rxa6  1-0

[Event "Lee Cup"]
[Site "Beijing"]
[Date "1996.??.??"]
[Round "3"]
[White "Durao, Miguel"]
[Black "Zhang Weida"]
[Result "1/2-1/2"]
[WhiteElo "2175"]
[BlackElo "2290"]

1.e4 c5 2.Nf3 d6 3.Bb5+ Bd7 4.Bxd7+ Qxd7 5.O-O Nc6 6.d4 cxd4 7.Nxd4 Nf6 8.Re1 e6
9.c4 Be7 10.Nc3 O-O 11.Nxc6 Qxc6 12.b3 a6 13.Qd3 Rab8 14.Bb2 b5 15.cxb5 axb5
16.Rac1 Qb7 17.e5 dxe5 18.Rxe5 b4 19.Ne4 Rfd8 20.Qe2 Rbc8 21.Rxc8 Qxc8 22.g3 Qd7
23.Nxf6+ gxf6 24.Re4 Qd1+ 25.Kg2 Qd5 26.Kh3 h5 27.Rd4 Qf5+ 28.g4 hxg4+ 29.Qxg4+ Qxg4+
30.Rxg4+ Kf8 31.Bc1 Rd1 32.Rc4 f5 33.Kg2 e5 34.Be3 Rd5 35.f3 f4 36.Bc1 Ra5
37.Rc2 f5 38.Kf2 Kf7 39.Ke2 Ke6 40.Bd2 Ra8 41.Be1 Rh8 42.h4 e4 43.Rc4 Kd5
44.Bxb4 Bxb4 45.Rxb4 Rxh4 46.a4 Rh2+ 47.Ke1 Ra2 48.Rc4 Rb2 49.Rb4  1/2-1/2

[Event "Tan Cup"]
[Site "Beijing"]
[Date "1996.??.??"]
[Round "7"]
[White "Gufeld, Eduard"]
[Black "Stohl, Igor"]
[Result "1/2-1/2"]
[WhiteElo "2445"]
[BlackElo "2560"]

1.e4 c5 2.Nf3 d6 3.Bb5+ Bd7 4.Bxd7+ Qxd7 5.O-O Nc6 6.c3 Nf6 7.Re1 e6 8.d4 cxd4
9.cxd4 d5 10.e5 Ne4 11.Nbd2 Nxd2 12.Bxd2 Be7 13.Bg5 Bxg5 14.Nxg5 h6 15.Nf3 O-O
16.Rc1  1/2-1/2

[Event "Berliner Sommer"]
[Site "Berlin"]
[Date "1996.??.??"]
[Round "9"]
[White "Tseitlin, Mikhail S"]
[Black "Groszpeter, Attila"]
[Result "1/2-1/2"]
[WhiteElo "2445"]
[BlackElo "2545"]

1.e4 c5 2.Nf3 d6 3.Bb5+ Bd7 4.Bxd7+ Nxd7 5.c4 Ngf6 6.Nc3 e6 7.O-O Ne5 8.b3 Be7
9.Ne1 O-O 10.Bb2 Nc6 11.f4 d5 12.cxd5 exd5 13.e5 Ne4 14.Nf3 f6 15.Qe2 Nxc3
16.dxc3 fxe5 17.Nxe5 Nxe5 18.Qxe5 Qd7 19.Rad1 Rad8 20.Rfe1 Bf6 21.Qe3 Qc6
22.Qf3 g6 23.Rd2 Bg7  1/2-1/2

[Event "Bern Cup"]
[Site "Bern"]
[Date "1996.??.??"]
[Round "4"]
[White "Wojtkiewicz, Aleksander"]
[Black "Hickl, Joerg"]
[Result "1/2-1/2"]
[WhiteElo "2550"]
[BlackElo "2580"]

1.e4 c5 2.Nf3 d6 3.Bb5+ Bd7 4.Bxd7+ Nxd7 5.O-O Ngf6 6.Re1 e6 7.d4 cxd4 8.Nxd4 a6
9.c4 Rc8 10.b3 Be7 11.Bb2 O-O 12.Nc3 Qc7  1/2-1/2

[Event "Bled op"]
[Site "Bled"]
[Date "1996.??.??"]
[Round "1"]
[White "Drei, Andrea"]
[Black "Tukmakov, Vladimir B"]
[Result "0-1"]
[WhiteElo "2325"]
[BlackElo "2595"]

1.e4 c5 2.Nf3 d6 3.Bb5+ Bd7 4.Bxd7+ Nxd7 5.d4 cxd4 6.Qxd4 Ngf6 7.O-O e6 8.Nc3 a6
9.Bg5 Be7 10.Rad1 Qc7 11.Bh4 O-O 12.Bg3 e5 13.Qd3 b5 14.a3 Nb6 15.Bh4 Rfd8
16.Rfe1 Rac8 17.Bxf6 Bxf6 18.Re2 Qc4 19.Nd5 Nxd5 20.Qxc4 Rxc4 21.Rxd5 Kf8
22.c3 Ke7 23.Ne1 Ke6 24.f3 Bg5 25.Nc2 f5 26.Rd3 fxe4 27.fxe4 a5 28.Rd1 Rf8
29.g3 Bd8 30.Kg2 g5 31.h3 h5 32.Rf1 Rxf1 33.Kxf1 Bb6 34.Ke1 Rc8 35.Ne3 Bxe3
36.Rxe3 g4 37.h4 a4 38.Ke2 d5 39.exd5+ Kxd5 40.Rd3+ Kc4 41.Rd7 Kb3 42.Rd2 Rf8
43.Rd5 Kxb2 44.Rxe5 Rb8 45.Kd3 Kxa3 46.Kc2 b4 47.cxb4 Rxb4 48.Rxh5 Rb2+ 49.Kc1 Rg2
50.Rb5 Rxg3 51.h5 Rh3 52.Rg5 Kb3 53.Rb5+ Kc3 54.Rc5+ Kd3 55.Rg5 a3  0-1

[Event "SLO-chT"]
[Site "Bled"]
[Date "1996.??.??"]
[Round "2"]
[White "Barle, Janez"]
[Black "Jeric, Simon"]
[Result "1/2-1/2"]
[WhiteElo "2445"]
[BlackElo "2385"]

1.e4 c5 2.Nf3 d6 3.Bb5+ Bd7 4.Qe2 Bxb5 5.Qxb5+ Qd7 6.Qe2 Nc6 7.d3 g6 8.O-O Bg7
9.c3 e5 10.a3 Nge7 11.b4 a6 12.Nbd2 O-O 13.Rb1 cxb4 14.axb4 d5 15.Nb3 b6
16.Be3 Qb7 17.Qa2 Rfd8 18.Nbd2 h6 19.Qb3 d4 20.cxd4 Nxd4 21.Bxd4 exd4 22.Nc4 b5
23.Na5 Qb6 24.Rfc1 Rac8 25.Rxc8 Rxc8 26.Ne1 Rc5 27.Qa2 Nc6 28.Nxc6 Qxc6 29.Kf1  1/2-1/2

[Event "SLO-chT"]
[Site "Bled"]
[Date "1996.??.??"]
[Round "3"]
[White "Zupe, Miran"]
[Black "Grosar, Aljosa"]
[Result "1/2-1/2"]
[WhiteElo "2410"]
[BlackElo "2485"]

1.e4 c5 2.Nf3 d6 3.Bb5+ Nd7 4.a4 Nf6 5.Qe2 a6 6.Bc4 e6 7.O-O Be7 8.d3 O-O
9.Re1 b6 10.h3 Ne5 11.Bb3 Bb7 12.Nbd2 Qc7 13.c3 b5 14.Bc2 Ng6 15.Nf1 Rfe8
16.Ng3  1/2-1/2